<A> european economic recovery plan detailed overview of progress across the EU in the specific macro- and micro-economic as well as the employment areas
Salvato in:
| Ente Autore: | |
|---|---|
| Natura: | Libro |
| Lingua: | inglese |
| Pubblicazione: |
Luxembourg
Office for Official Publications of the European Communities
2009
|
| Soggetti: | |
| Tags: |
Nessun Tag, puoi essere il primo ad aggiungerne!!
|
MARC
| LEADER | 00000nam a2200000 4500 | ||
|---|---|---|---|
| 001 | 0128681 | ||
| 005 | 20240318114317.2 | ||
| 020 | |a 978-92-79-10481-7 | ||
| 041 | 0 | |a eng | |
| 044 | |a LU | ||
| 245 | 1 | 0 | |a <A> european economic recovery plan |b detailed overview of progress across the EU in the specific macro- and micro-economic as well as the employment areas |
| 264 | 1 | |a Luxembourg |b Office for Official Publications of the European Communities |c 2009 | |
| 300 | |a 69 s. | ||
| 610 | 2 | 0 | |a situácia hospodárska |
| 610 | 2 | 0 | |a politika hospodárska |
| 610 | 2 | 0 | |a rast hospodársky |
| 610 | 2 | 0 | |a politika fiškálna |
| 610 | 2 | 0 | |a reformy hospodárske |
| 610 | 2 | 0 | |a politika energetická |
| 610 | 2 | 0 | |a zmeny klimatické |
| 610 | 2 | 0 | |a zamestnanosť |
| 610 | 2 | 0 | |a politika zamestnanosti |
| 610 | 2 | 0 | |a reformy štruktúrne |
| 610 | 2 | 0 | |a systémy sociálne |
| 610 | 2 | 0 | |a kapitál ľudský |
| 610 | 2 | 0 | |a Európska únia |
| 710 | 2 | |a Commission of the European Communities | |